000 00784nam a22002411u 4500
001 04874
003 HDC
007 cr bn ---
008 210118p my go d 00 mayg
040 _aHDC
245 0 _aHALAL MALAYSIA :
_bMapping & Move Forward
260 _a[No Place] :
_b[publisher not identified],
_c[no year]
300 _a88 pages :
_billustrations
336 _atext
_2rdacontent
337 _acomputer
_2rdamedia
338 _aonline resource
_2rdacarrier
650 _aHalal food
_950
650 _aHalal industry
_9144
856 _zRequest full-text at [email protected]
942 _2lcc
942 _cSLIDE
942 _kSLID 000351
999 _c2198
_d2198